Influence of natural products upon drug discovery (Registro nro. 12730)

Detalles MARC
000 -CABECERA
Campo de control 006340000a22002050004500
090 ## - CLASIFICACIÓN LOCAL
Colección AR
Consecutivo 03683
041 0# - IDIOMA
Código de idioma para texto/pista de sonido o título separado
100 1# - ASIENTO PRINCIPAL--NOMBRE PERSONAL
Nombre personal Newman, David J.
245 10 - MENCION DE TITULO
Título Influence of natural products upon drug discovery
500 ## - NOTA GENERAL
Nota general <Colección Recursos Genéticos>
650 14 - ASIENTO SECUNDARIO DE MATERIA - TERMINO TEMATICO
Término temático o nombre geográfico como elemento de entrada Medicina tradicional
650 14 - ASIENTO SECUNDARIO DE MATERIA - TERMINO TEMATICO
Término temático o nombre geográfico como elemento de entrada Productos naturales
650 14 - ASIENTO SECUNDARIO DE MATERIA - TERMINO TEMATICO
Término temático o nombre geográfico como elemento de entrada Historia de las drogas
650 14 - ASIENTO SECUNDARIO DE MATERIA - TERMINO TEMATICO
Término temático o nombre geográfico como elemento de entrada Bioquímica
650 14 - ASIENTO SECUNDARIO DE MATERIA - TERMINO TEMATICO
Término temático o nombre geográfico como elemento de entrada Farmaceútica
700 1# - ASIENTO SECUNDARIO - NOMBRE PERSONAL
Nombre personal Cragg, Gordon M.
700 1# - ASIENTO SECUNDARIO - NOMBRE PERSONAL
Nombre personal Snader, Kenneth M.
773 1# - Item fuente:
Título Natural Product Reports
Descripción física 3
Paginas del Articulo 215-234
Lugar, editorial y fecha de publicación 2000
Información sobre la relación 17
942 ## - ELEMENTOS ADICIONALES (KOHA)
Tipo de ítem Artículo
Existencias
Withdrawn status Lost status Damaged status No para préstamo Colección Ubicación Permanente Ubicación actual Fecha de adquisición Fuente de Valor Datos de publicación Seriada Total Checkouts Número topográfico Inventario / Código de Barras Date last seen Price effective from Forma de adquisición Tipo de material
      No para Préstamo Hemeroteca Bogotá Bogotá 27/02/2015 Rincón, Martha Fuera de circulación   AR 03683 017260 25/03/2015 25/03/2015   Artículo